Llei 8/2005, de 8 de juny, de protecció, gestió i ordenació del paisatge / presentació i edició a cura del lletrat Xavier Muro i Bas
Descripción Física:
23 p. ; 21 cm
Colección:
Textos legislatius ; 49
Otros Autores:
Muro i Bas, Xavier, ed
MARC
| LEADER | 00000nam a2200000Ia 4500 | ||
|---|---|---|---|
| 001 | 17982 | ||
| 008 | 160829s2006 xx 000 0 cat d | ||
| 080 | |a FU-49-28 | ||
| 100 | |a Catalunya. Llei de protecció, gestió i ordenació del paisatge (2005) |9 36624 | ||
| 245 | |a Llei 8/2005, de 8 de juny, de protecció, gestió i ordenació del paisatge / presentació i edició a cura del lletrat Xavier Muro i Bas | ||
| 250 | |a Ed. no venal | ||
| 260 | |a Barcelona : |b Parlament de Catalunya, |c 2006 | ||
| 300 | |a 23 p. ; |c 21 cm | ||
| 490 | |a Textos legislatius ; 49 | ||
| 650 | |a Paisatge |x Protecció |x Dret i legislació |x Catalunya |9 36625 | ||
| 700 | |a Muro i Bas, Xavier, ed. |9 26913 | ||
| 710 | 1 | |a Catalunya. |b Parlament |9 11492 | |
| 901 | |a Arxiu | ||
| 942 | |n 1 | ||
| 952 | |0 0 |1 0 |4 0 |6 FU4928 |7 1 |9 47397 |a Arxiu |b Arxiu |d 2016-12-01 |l 0 |o FU-49-28 |p 17982 |r 2016-12-01 00:00:00 |w 2016-12-01 |y ARXIU | ||
| 999 | |c 51195 |d 51195 | ||